000 00781nam a2200265Ia 4500
003 OSt
005 20220928130013.0
006 a|||||r|||| 00| 0
007 ta
008 220927b |||||||| |||| 00| 0 eng d
020 _c2948.6073000000001
024 _a114527
037 _b96, 15/12/2011, Aviva Books Company
_cTextual
040 _aSDCL
_cSDCL
_beng
041 _2eng
_aeng
082 _aD65,8, Q2
100 _aRogers Simon
_9472462
245 0 _aFirst course in machine learning.
260 _aBoca Raton
_b CRC Press
_c2012
300 _axx,285p
_ccm.
650 _aBiophysics
700 _a Girolami Mark
_9472463
942 _hD65,8, Q2
_cTEXL
_2CC
999 _c785046
_d785046